CAD systems and the quantity surveyor: a report (Record no. 95947)

MARC details
000 -LEADER
fixed length control field 00700cam a2200229 4500
008 - FIXED-LENGTH DATA ELEMENTS--GENERAL INFORMATION
fixed length control field 090401t1986 xxu||||| |||| 00| 0 eng d
020 ## - INTERNATIONAL STANDARD BOOK NUMBER
International Standard Book Number 0906225108
035 ## - SYSTEM CONTROL NUMBER
System control number (Sirsi) u74976
041 ## - LANGUAGE CODE
Language code of text/sound track or separate title eng
050 ## - LIBRARY OF CONGRESS CALL NUMBER
Classification number 692.50285
100 ## - MAIN ENTRY--PERSONAL NAME
Personal name Wager, Denis
245 ## - TITLE STATEMENT
Title CAD systems and the quantity surveyor: a report
260 ## - PUBLICATION, DISTRIBUTION, ETC.
Place of publication, distribution, etc. Cambridge
Name of publisher, distributor, etc. Construction Industry Computing Associat
Date of publication, distribution, etc. 1986
300 ## - PHYSICAL DESCRIPTION
Extent 54p. : ill. ; 30cm.
350 ## - PRICE (NR) (BK AM CF MU VM SE) [OBSOLETE]
Price 35
520 ## - SUMMARY, ETC.
Summary, etc. Study commissioned by Health Authorities Regional Quantity Surveyors` Association .
650 ## - SUBJECT ADDED ENTRY--TOPICAL TERM
Topical term or geographic name entry element COMPUTER AIDED DESIGN
650 ## - SUBJECT ADDED ENTRY--TOPICAL TERM
Topical term or geographic name entry element BUILT ENVIRONMENT-QUANTITY SURVEYING
700 ## - ADDED ENTRY--PERSONAL NAME
Personal name Wilson, Roger
942 ## - ADDED ENTRY ELEMENTS (KOHA)
Suppress in OPAC 0
948 ## - LOCAL PROCESSING INFORMATION (OCLC); SERIES PART DESIGNATOR (RLIN)
c (OCLC) 04/03/1997
Holdings
Withdrawn status Lost status Source of classification or shelving scheme Damaged status Not for loan Home library Current library Shelving location Date acquired Cost, normal purchase price Total Checkouts Full call number Barcode Date last seen Date last checked out Copy number Cost, replacement price Price effective from Koha item type
    Dewey Decimal Classification     London London Basement 14/09/1999 35.00 3 SHELF 309 30021157 06/08/2019 25/04/2003 1 35.00 06/08/2019 Book